Normal view
MARC view
- Redacción de informes
Entry Materia
001 - NÚMERO DE CONTROL DEL REGISTRO
- campo de control: 12161
003 - IDENTIFICADOR DE NUMERO DE CONTROL
- campo de control: MX-MxUPN
005 - FECHA Y HORA DE LA ÚLTIMA TRANSACCIÓN
- campo de control: 20260326153338.0
008 - DATOS DE LONGITUD FIJA
- campo de control de longitud fija: 221007n||acnnnbabn | ana |d
035 ## - NÚMERO DE CONTROL DEL SISTEMA
- Número de control del sistema: UPN10000012168
040 ## - FUENTE DE LA CATALOGACIÓN
- Centro catalogador de origen: UPN
- Lengua de catalogación: spa
- Agencia de transcripción: UPN
046 ## - FECHAS CON CODIFICACIÓN ESPECIAL
- Fecha final para contenidos agregados: 2022
150 ## - ENCABEZAMIENTO - TEMÁTICO
- Término de materia o nombre geográfico como elemento inicial: Redacción de informes
450 ## - VÉASE - MATERIA
- Encabezamiento temático: Informes, Redacción de
450 ## - VÉASE - MATERIA
- Encabezamiento temático: Informes -
- Subdivisión temática general: Redacción
670 ## - FUENTE EN LA QUE SE LOCALIZARON DATOS
- Cita de la fuente: DGB UNAM, 7 octubre 2022:
- Información localizada: encabezamiento (Redacción de informes)
902 ## - CATALOGADOR
- Catalogador: MMA/280904
